000 00520nam a2200145Ia 4500
008 230917s9999||||xx |||||||||||||| ||und||
040 _e36328
_aMAIN
041 _aEnglish
082 _a658.3 S86H
100 _aShriram centre for industrial relations
245 0 _aHuman problems of shift work: A study of the socio-psychological processes in workers adjustment to shift work in indust
260 _aNew Delhi
_bShri Ram Centre for Industrial Relations & Human Resources
_c1970
300 _axx, 240 p.
942 _cBK
999 _c201788
_d201788